000 00541nam a2200205Ia 4500
001 db11-30957
003 IT-MiCISF
008 161014s9999||||xx |||||||||||||| ||und||
040 _aIT-MiCISF
_cIT-MiCISF
041 _ait
100 _aAA.VV.
245 0 _aIdentità e persona
250 _a1a ed.
260 _aVerona
_bFondazione Toniolo
_c2000
300 _app. 16
500 _aSupplemento a "La società", n. 1 (2000) - documento a cura di / persona, etica /
650 _apersona
942 _cBK
957 _71
999 _a30957
_bsi
_g1
_c209366
_d209366